Cloud Security for Beginners: Exploring the foundations
Na minha lista:
| Autor principal: | |
|---|---|
| Formato: | Livro |
| Publicado em: |
BPB Pub.
|
| Tags: |
Sem tags, seja o primeiro a adicionar uma tag!
|
MARC
| LEADER | 00000nam a2200000Ia 4500 | ||
|---|---|---|---|
| 005 | 20260513122055.0 | ||
| 020 | |a 9789365896206 | ||
| 100 | |a Kovacevic | ||
| 365 | |c Rs. | ||
| 365 | |b 25.00 | ||
| 942 | |c BK | ||
| 245 | |a Cloud Security for Beginners: Exploring the foundations | ||
| 260 | |b BPB Pub. | ||
| 999 | |c 124 |d 124 | ||
| 952 | |0 0 |1 0 |4 0 |7 0 |a UNSW |b UNSW |d 2026-05-06 |g 999.00 |i 16686 |l 0 |p 000084 |r 2026-05-13 12:20:55 |v 999.00 |w 2026-05-13 |y BK | ||